000 00381pab a2200157 454500
008 180718b1999 xxu||||| |||| 00| 0 eng d
100 _aMehra, Ajay K.
245 _aDiscourse on constitutional change
260 _c1999
300 _ap.95-98
362 _a25 Dec, Annual
650 _aIndia - Constitution
650 _aConstitutions
773 _aMainstream
909 _a43564
999 _c43564
_d43564